[Event "GER-chT U14"]
[Site "Willingen"]
[Date "2022.08.14"]
[Round "4.8"]
[White "Schaudienst, Arvid"]
[Black "Walter, Romeo"]
[Result "0-1"]
[WhiteElo "1376"]
[BlackElo "1197"]
[PlyCount "46"]
[EventDate "2022.08.13"]
[EventType "team-swiss"]
[EventRounds "7"]
[EventCountry "GER"]
[SourceTitle "EXT 2023"]
[Source "ChessBase"]
[SourceDate "2022.10.05"]
[SourceVersion "1"]
[SourceVersionDate "2022.10.05"]
[SourceQuality "1"]
[WhiteTeam "Oberschoeneweide"]
[BlackTeam "Ostfildern"]
[WhiteTeamCountry "GER"]
[BlackTeamCountry "GER"]

1. e4 e6 2. d4 d5 3. exd5 exd5 4. Bd3 Nf6 5. Bf4 c5 6. Nf3 Nc6 7. c3 Bg4 8. dxc5 Bxc5 9. 0-0 0-0 10. Nbd2 Nh5 11. Bg5 f6 12. Be3 Bxe3 13. fxe3 Ne5 14. Bc2 Qb6 15. h3 Qxe3+ 16. Rf2 Bxf3 17. Nxf3 Nf4 18. Nxe5 fxe5 19. Qe1 Qg3 20. Kh1 e4 21. Bb3 Rf6 22. Qd2 e3 23. Rf3 Qxf3 0-1

[Event "GER-chT U14"]
[Site "Willingen"]
[Date "2022.08.14"]
[Round "3.5"]
[White "Walter, Romeo"]
[Black "Braeutigam, Alexander"]
[Result "1/2-1/2"]
[WhiteElo "1197"]
[BlackElo "1771"]
[PlyCount "141"]
[EventDate "2022.08.13"]
[EventType "team-swiss"]
[EventRounds "7"]
[EventCountry "GER"]
[SourceTitle "EXT 2023"]
[Source "ChessBase"]
[SourceDate "2022.10.05"]
[SourceVersion "1"]
[SourceVersionDate "2022.10.05"]
[SourceQuality "1"]
[WhiteTeam "Ostfildern"]
[BlackTeam "Kiel Doppelbauer"]
[WhiteTeamCountry "GER"]
[BlackTeamCountry "GER"]

1. e4 c5 2. c3 d5 3. exd5 Qxd5 4. d4 Nc6 5. Nf3 Bg4 6. Be2 Nf6 7. 0-0 e6 8. Bf4 Rd8 9. Be5 Be7 10. Na3 cxd4 11. cxd4 0-0 12. Nc2 Qa5 13. Qe1 Qb6 14. b3 Rd7 15. h3 Bh5 16. Rd1 Rc8 17. Bxf6 Bxf6 18. Ne5 Bxe5 19. dxe5 Rxd1 20. Bxd1 Bxd1 21. Qxd1 Nxe5 22. Re1 Qc7 23. Ne3 h6 24. Qd4 Nc6 25. Qc5 Rd8 26. Nc4 Qd7 27. Qe3 Qd5 28. Re2 Qd1+ 29. Re1 Qd4 30. Kf1 Kf8 31. Ke2 b5 32. Nd2 Qxe3+ 33. fxe3 Ke7 34. Rc1 Kd7 35. Ne4 Kc7 36. Nc5 Kb6 37. Nd3 a5 38. a4 bxa4 39. bxa4 Nb4 40. Ne5 f6 41. Nc4+ Ka6 42. Nd2 Rd7 43. Rc5 Kb6 44. Rb5+ Ka6 45. Nb3 Rd5 46. Nc5+ Ka7 47. Rxa5+ Kb6 48. Rb5+ Kc6 49. Nxe6 Rxb5 50. Nd4+ Kb6 51. axb5 Nd5 52. Kf3 Nc7 53. Kf4 g6 54. Ke4 Kc5 55. g4 Kb6 56. h4 Kc5 57. h5 gxh5 58. gxh5 Nd5 59. Ne6+ Kd6 60. Nf4 Ne7 61. Ng6 f5+ 62. Kf4 Nd5+ 63. Kxf5 Nxe3+ 64. Ke4 Ng4 65. b6 Nf6+ 66. Kf5 Nxh5 67. Ne5 Ng7+ 68. Kg6 Ne6 69. Kxh6 Nc5 70. Nc4+ Kc6 71. b7 1/2-1/2

[Event "GER-chT U12"]
[Site "Magdeburg"]
[Date "2018.12.29"]
[Round "6.3"]
[White "Roemer, Alois"]
[Black "Walter, Romeo"]
[Result "1/2-1/2"]
[WhiteElo "1444"]
[BlackElo "1268"]
[PlyCount "65"]
[EventDate "2018.12.27"]
[EventType "team-swiss"]
[EventRounds "7"]
[EventCountry "GER"]
[SourceTitle "CBM 188 Extra"]
[Source "ChessBase"]
[SourceDate "2019.02.26"]
[SourceVersion "1"]
[SourceVersionDate "2019.02.26"]
[SourceQuality "1"]
[WhiteTeam "Brackel"]
[BlackTeam "Ostfildern"]
[WhiteTeamCountry "GER"]
[BlackTeamCountry "GER"]

1. e4 e6 2. d4 d5 3. Nd2 c5 4. exd5 exd5 5. Ngf3 Nc6 6. dxc5 Bxc5 7. Nb3 Bb6 8. h3 Nf6 9. Bg5 h6 10. Bh4 0-0 11. c3 Re8+ 12. Be2 Bf5 13. 0-0 Qd6 14. Bg3 Qd8 15. Bd3 Bxd3 16. Qxd3 Nh5 17. Bh2 Rc8 18. Rfe1 Qd7 19. Rad1 Nf6 20. Ne5 Nxe5 21. Bxe5 Re6 22. Bxf6 Rxf6 23. Rf1 Qf5 24. Qxf5 Rxf5 25. Nd4 Bxd4 26. Rxd4 Rc4 27. Rfd1 Rc5 28. Ra4 a5 29. Rad4 f6 30. f4 g5 31. g3 Kf7 32. Kf2 h5 33. Kf3 1/2-1/2